Statistics for Degen Regen References

Click here to take the quiz!

General Stats

  • This quiz has been taken 19 times
  • The average score is 11 of 37

Answer Stats

HintAuthorDateMethods% Correct
There is very little neuroanatomical or temporal correlation between plaques and degen.Braak1991
100%
Greater Abeta42 deposition in ApoE homozygotes; also increased plaque binding (PET)CastellanoCognitively normal >70y.o; PET (PIB-radiotracer (plaque))
100%
ChABC increased sprouting (rat sensorimotor cortex), very limited regenerationGarcia-Alias2009(Also Shield 2008)
100%
Alpha synuclein enhances DAT transport to the membraneLee2001Co-expression of alpha-synuclein, DAT
100%
Parkin mutations, Pink1 mutations decrease number of DAergic neurons in the brain; the expression of parkin rescued both phenotypesPark2006Drosophila
100%
OEC rat thoracic spinal transectionsRamon-Cueto2003-
100%
Paralysed man regained some function post OEC transplantTabakow2014-
100%
LRRK2 is specifically localised in lysosomal-autophagic organelles; knockdown of LRRK2 increases LC-III turnover and autophagyWade-Martins2009siRNA knockdown
100%
STAT3 selective KO miceWanner2013
100%
Cells overexpressing alpha synuclein have impaired chaperone-mediated autophagy; Rab localisation is massively altered in yeast overexpressing alpha synucleinXilouri2009-
100%
Rat CST lesion OEC transplant, cells do not pass scar but functional recoveryYamamoto2009high power imaging
100%
Alpha synuclein KO mice have greater vesicle availabilityAbeliovich2000-
0%
mAb versus ApoE reduced Abeta plaque load in hAPP mice, also recruited microgliaBasak2012
0%
Induced KO of ApoE in hippocampus reduced insoluble Abeta42 by 50% in hAPP miceBien-Ly2012KI human ApoEepsilon4 flanked by loxP; Cre recombinase to KO in hippocampus of hAPP mice
0%
Inhibition of lysosomal proteolysis led to accumulation of electron-dense autophagosomesBoland2008Inhibited cysteine proteases
0%
Intrathecal ChABC injections increased fibres crossing a lesion (cats)Bradbury2002-
0%
Ablation of astrocytes in mice increased oedema, leukocyte recruitment, BBB permeability and neuronal loss v WTBush1999-
0%
Increased VMAT2 when alpha-synuclein is knocked downFountaine2008in vitro alpha synuclein knockdown
0%
OEC injections dogs w contusive spinal cord injury--> increased hindlimb coordination but no long tract improvementGranger2012-
0%
DJ-1 mutation causes mitochondrial dysfunction, DJ-1 expression can rescue Pink1 mutantsHao2010DJ-1 mutant flies
0%
iPSCs from AD patients can be used to screen drugs, the subsequent neurons had increased Abeta secretion, phosphorylated Tau and activated GSK-3betaIsrael2012
0%
Abeta oligomers cause neuron deathJean2015Infused Abeta oligomers to hippocampi of mice
0%
ApoE epsilon4 expression increased lysosomal leakage compared to ApoE epsilon3Ji2005ApoE epsilon4 expression in vitro neurons
0%
Alpha synuclein increases mitochondrial fragmentationKamp2010-
0%
hESC derived DAergic midbrain neurons implanted to mouse PD model, MPTP-lesioned Rhesus monkeysKriks2011hESCs differentiated to DAergic midbrain neurons
0%
Less acidity of lysosomes in presenelin KO miceLee2010Immunofluorescent labelling
0%
There is a strong positive correlation between Abeta oligomers and Tau pathologyLesne2013-
0%
Abeta activates NMDARs, which can be partially blocked by subunit antagonismLi2011-
0%
Rho inhibition--> neurite extension to previously inhibitory stripes, CSPG inhibition usually leads to Rho-mediated growth cone collapseMonnier2003-
0%
Antibodies versus TGFbeta1,2 decreases astrocytic responseMoon2001GFAP immunohistochemistry
0%
Cells overexpressing alpha synuclein have defective exocytosisNemani2010pHlourin
0%
Rolipram (PDE IV inhibitor) reduced astrocyte activation, enhanced serotenergic fibre regeneration.Nikulina2004GFAP stain, then 5-HT immunohistochemistry
0%
Accumulation of autophagosomes in neurons from AD brainsNixon2005-
0%
iPSCs succesfully converted from fibroblasts into midbrain neuronsPfisterer2011-
0%
Very little degeneration of Tau KO hippocampal neurons when cultured in Abeta (versus WT)Rapoport2002Tau KO, Abeta culture
0%
Intracerebroventricular injection of Abs versus IL-12,IL-23 (microglial cytokines) decreased amyloid in hAPP mice and improved cognitionVom Berg2012-
0%
Deletion of lysosomal cathepsin inhibitor in hAPP mice decreased e.c. amyloid, giant autolysosomes and caused behavioural improvementsYang2011
0%

Score Distribution

Percentile by Number Answered

Percent of People with Each Score

Your Score History

You have not taken this quiz